01198nam a22002057a 450000500170000000800410001702000160005805000240007410000270009824000610012524501230018626000410030930000360035050001060038650503940049265000220088665000340090865000250094270000250096720231102151842.0150804s2000 mx a||| |||| 001 0dspa d a9706860010 04aLB1051 bH3818 2000 aHenson, Kennetheautor aEducational psychology for effective teachinglEspañol10aPsicologia educativa para la enseñanza eficaz c/ Kenneth T. Henson: ; traducción de María Elena Ortiz Salinas 3 aMéxicob: Thomson Editoresc, 2000 a554 páginas b: ilustraciones aIncluye: Resumen del contenido, Prefacio, Glosario, Referencias, Indice de autores, Indice temático aCómo es el desarrollo de los estudiantes Cómo influyen en la enseñanza las diferencias entre los estudiantes Las principales teorías del aprendizaje y su utilización en la enseñanza Métodos instruccionales para la enseñanza eficaz Motivar a los estudiantes y manejo del ambiente del salón de clases Calificación y evaluación del desempeño del estudiante 10aPSICOPEDAGOGÍA 20aPSICOLOGÍA DEL APRENDIZAJE 20aENSEÑANZA EFECTIVA aEller, Ben F.eautor